00913nam a2200265 i 4500001000300000003000400003005001700007008003900024015001800063040001400081041001300095080001900108080001000127080000800137100003600145245015000181260002600331300003600357490007500393504003800468650001200506650002200518650001700540830009000557bgBPK20200930133824.0980713s1996 pl a f |000 0 eng aPB 1997/10992 aWA NcBPK0 aengbpol a624.01/.07:531 a533.6 a5341 aFlaga, Andrzejd(1951- )eAutor10aWind vortex-induced excitation and vibration of slender structures :bsingle structure of circular cross-section normal to flow /cAndrzej Flaga. aCracow :bCUT,c1996. a286 s. :brys., wykr. ;c24 cm.1 aMonograph / Cracow University of Technology. Civil Engineering Series. aBibliogr. s. 262-278. - Streszcz. 4aDrgania 4aMechanika budowli 4aAerodynamika 0aMonografia - Politechnika Krakowska im. Tadeusza Kościuszki.pInżynieria Lądowa